Detalles MARC
| 000 -LIDER |
| fixed length control field |
01144nam a2200373 c 4500 |
| 001 - NÚMERO DE CONTROL |
| Identificador de número de control |
|
| 003 - IDENTIFICACDOR DE NÚMERO DE CONTROL |
| control field |
|
| 005 - DATE AND TIME OF LATEST TRANSACTION |
| control field |
20220701113049.0 |
| 008 - ELEMENTOS DE LONGITUD FIJA |
| fixed length control field |
140109s2014 sp a | |||| 001 0 spa |
| 015 ## - NÚMERO DENTRO DE LA BIBLIOGRAFÍA NACIONAL |
| National bibliography number |
|
| 020 ## - ISBN |
| International Standard Book Number |
9788449449857 (oc) |
| Qualifying information |
|
| 040 ## - FUENTE DE CATALOGACIÓN |
| Agencia que crea de manera original el registro |
BPMSU |
| Idioma de catalogación |
spa |
| Agencia que realiza la transcripción |
BPMSU |
| Convenciones de la despripción |
|
| 082 ## - NÚMERO DE CLASIFICACIÓN DECIMAL DE DEWEY |
| Classification number |
920.008 |
| Item number |
G752p 2014 |
| Edition number |
22 |
| 245 00 - MENCIÓN DE TITULO |
| Título |
Grandes personajes universales / |
| Mención de responsabilidad |
Ángeles Arregui, Lluís Cànoves, Marta Esber [y otros]. |
| 260 ## - PUBLICACIÓN, DISTRIBUCIÓN, ETC. (PIE DE IMPRENTA) |
| Lugar de publicación, distribución, etc |
Barcelona |
| Nombre del editor, distribuidor, etc. |
Océano, |
| Fecha de publicación, distribución, etc |
2014 |
| 300 ## - DESCRIPCIÓN FÍSICA |
| Extensión |
v. |
| Otros detalles físicos |
il. col. y n., mapas |
| Dimensiones |
27 cm |
| Material complementario |
|
| 337 ## - MEDIA TYPE |
| Source |
|
| 500 ## - NOTA GENERAL |
| Nota general |
Incluye índices |
| 505 0# - NOTA DE CONTENIDO |
| Texto normalizado de contenido |
v. 1. Arte, literatura -- v. 2. Historia -- v. 3. Ciencia y tecnología, pensamiento |
| 590 ## - NOTA LOCAL |
| Enlace |
Inventariado, 2021/VM |
| 650 #4 - ENCABEZAMIENTO DE MATERIA--TEMÁTICO |
| Término temático o nombre geográfico como elemento de entrada |
Biografías |
| Subdivisión cronológica |
Siglo XX |
| Fuente del encabezamiento o término |
|
| 650 #4 - ENCABEZAMIENTO DE MATERIA--TEMÁTICO |
| Término temático o nombre geográfico como elemento de entrada |
Personajes |
| Subdivisión de forma |
Biografías. |
| 650 #4 - ENCABEZAMIENTO DE MATERIA--TEMÁTICO |
| Término temático o nombre geográfico como elemento de entrada |
Historia universal |
| Subdivisión temática general |
Personajes. |
| 650 #4 - ENCABEZAMIENTO DE MATERIA--TEMÁTICO |
| Término temático o nombre geográfico como elemento de entrada |
Políticos |
| Subdivisión de forma |
Biografías. |
| 700 1# - ASIENTO SECUNDARIO -- NOMBRE PERSONAL |
| Nombre personal |
Cànoves, Lluis. |
| Término de relación |
|
| 700 1# - ASIENTO SECUNDARIO -- NOMBRE PERSONAL |
| Nombre personal |
Esber, Marta. |
| 700 1# - ASIENTO SECUNDARIO -- NOMBRE PERSONAL |
| Nombre personal |
Montiel, Alejandro, |
| Fechas asociadas con el nombre |
1959- |
| 700 1# - ASIENTO SECUNDARIO -- NOMBRE PERSONAL |
| Nombre personal |
Pascual, Marcelo. |
| 700 1# - ASIENTO SECUNDARIO -- NOMBRE PERSONAL |
| Nombre personal |
Romanillos, Pere. |
| 700 1# - ASIENTO SECUNDARIO -- NOMBRE PERSONAL |
| Nombre personal |
Villalba, María |
| Mención de responsabilidad |
ed. |
| 910 ## - VALIDACIÓN |
| Validación |
VMateo V. |
| 942 ## - ADDED ENTRY ELEMENTS (KOHA) |
| Source of classification or shelving scheme |
Dewey Decimal Classification |
| Koha item type |
Libros |
| 956 ## - LOCAL ELECTRONIC LOCATION AND ACCESS (OCLC) |
| Nombre de host |
2 |